Curso de física : (Registro nro. 619)
[ vista simple ]
| 000 -LEADER | |
|---|---|
| fixed length control field | 01659nam a2200289Ia 4500 |
| 003 - CONTROL NUMBER IDENTIFIER | |
| control field | PE SENCICO BE |
| 005 - DATE AND TIME OF LATEST TRANSACTION | |
| control field | 20251020182443.0 |
| 008 - FIXED-LENGTH DATA ELEMENTS--GENERAL INFORMATION | |
| fixed length control field | 200515s9999 xx 000 0 und d |
| 040 ## - CATALOGING SOURCE | |
| Original cataloging agency | PE SENCICO BE |
| Transcribing agency | PE SENCICO BE |
| 041 ## - LANGUAGE CODE | |
| Language code of text/sound track or separate title | spa |
| 082 ## - DEWEY DECIMAL CLASSIFICATION NUMBER | |
| Classification number | 530 |
| Item number | V61 |
| 100 1# - MAIN ENTRY--PERSONAL NAME | |
| Personal name | Vidal, Jorge |
| 9 (RLIN) | 3324 |
| Relator term | autor |
| 245 10 - TITLE STATEMENT | |
| Title | Curso de física : |
| Remainder of title | segunda parte, óptica - magnetismo - electricidad / |
| Statement of responsibility, etc. | Jorge Vidal |
| 250 ## - EDITION STATEMENT | |
| Edition statement | 1a ed. |
| 260 ## - PUBLICATION, DISTRIBUTION, ETC. | |
| Place of publication, distribution, etc. | Buenos Aires : |
| Name of publisher, distributor, etc. | Stella, |
| Date of publication, distribution, etc. | 1984 |
| 300 ## - PHYSICAL DESCRIPTION | |
| Extent | xiv, 441 páginas : |
| Other physical details | ilustraciones, tablas, gráficos ; |
| Dimensions | 21 cm. |
| 505 0# - FORMATTED CONTENTS NOTE | |
| Formatted contents note | Propagación de la luz. Fotometría -- Reflexión de la luz, Espejos -- Refracción de la luz. Lentes -- Dispersión y cromatismo -- Papel óptico del ojo -- Aparatos de óptica -- Fenómenos de óptica física -- Magnetismo -- Electricidad estática -- Masa eléctrica. Trabajo eléctrico -- Capacidad eléctrica. Condensadores -- Electricidad dinámica -- Electromagnetismo -- Campo magnético de la corriente eléctrica -- Energía de la corriente eléctrica: efectos caloríficos, luminosos y químicos -- Inducción electromagnética. Maquinas de inducción -- Chispas en gases enrarecidos -- Oscilaciones eléctricas -- Constitución y transmutación de la materia |
| 520 3# - SUMMARY, ETC. | |
| Summary, etc. | Contiene temas importantes y básicos para el estudio de la física y los avances científicos que hay dentro del campo de la enseñanza de la física. |
| 650 10 - SUBJECT ADDED ENTRY--TOPICAL TERM | |
| Topical term or geographic name entry element | Física |
| 9 (RLIN) | 74 |
| 650 20 - SUBJECT ADDED ENTRY--TOPICAL TERM | |
| Topical term or geographic name entry element | Electricidad |
| 9 (RLIN) | 106 |
| 650 20 - SUBJECT ADDED ENTRY--TOPICAL TERM | |
| Topical term or geographic name entry element | Electrónica |
| 9 (RLIN) | 247 |
| 650 20 - SUBJECT ADDED ENTRY--TOPICAL TERM | |
| Topical term or geographic name entry element | Fuerzas físicas |
| 9 (RLIN) | 3014 |
| 650 20 - SUBJECT ADDED ENTRY--TOPICAL TERM | |
| Topical term or geographic name entry element | Magnetismo |
| 9 (RLIN) | 3313 |
| 650 20 - SUBJECT ADDED ENTRY--TOPICAL TERM | |
| Topical term or geographic name entry element | Dinámica |
| 9 (RLIN) | 2153 |
| 650 20 - SUBJECT ADDED ENTRY--TOPICAL TERM | |
| Topical term or geographic name entry element | Óptica |
| 9 (RLIN) | 3325 |
| 942 ## - ADDED ENTRY ELEMENTS (KOHA) | |
| Koha item type | Libros |
| Source of classification or shelving scheme | Dewey Decimal Classification |
| Fecha de la última vez que lo usaron | Número de ingreso o de inventario | Pago total | Signatura topográfica completa | Código de barras | Precio efectivo desde | Tipo de documento | Estado perdido | Sistema de clasificación | Estado dañado | No es para préstamo | Retirado | Ubicación permanente | Ubicación actual | Fecha de adquisición |
|---|---|---|---|---|---|---|---|---|---|---|---|---|---|---|
| 15/05/2020 | 200 | 530/V61 | BibLima25100030 | 15/05/2020 | Libros | Dewey Decimal Classification | Biblioteca Central Lima | Biblioteca Central Lima | 15/05/2020 |